000 00302nam a22001217a 4500
008 181019b xxu||||| |||| 00| 0 eng d
041 _aeng
080 _a321
100 _a16
101 _aPOL
245 _aCommunicative Disorders Related To Cleft Lipand Palate
_cKenneth.R.R
942 _2udc
_cBK
999 _c50235
_d50235